Missing Word: 1990s 'R' Song Endings Quiz Stats

 Plays Quiz Updated Feb 12, 2018

Challenge
Share
Tweet
Embed
Score 0/20 Timer 04:00
0 Plays Today
Song Missing Word % Correct
Bed Of _____Roses
90.7%
Losing My _____Religion
88.1%
November _____Rain
87.7%
End of the _____Road
85.3%
Give Me One _____Reason
79.2%
Tootsee _____Roll
76.5%
Sittin' Up in My _____Room
64.1%
Tell Me It's _____Real
58.9%
Rush _____Rush
56.6%
Zoot Suit _____Riot
56.6%
Song Missing Word % Correct
I'm _____Ready
50.3%
I'll _____Remember
46.6%
I Saw _____Red
39.4%
Guerrilla _____Radio
34.2%
The Memory _____Remains
28.1%
Let's Get _____Rocked
24.9%
Let's _____Ride
24.5%
Love _____Rollercoaster
22.8%
Keep Their Heads _____Ringin'
18.1%
Money, Power & _____Respect
13.9%

Today's Daily Dose

Word Ladder
Anchorman

Get the Picture
'Head' Bands

You're not logged in!

Compare scores with friends on all Sporcle quizzes.
OR
Log In

You Might Also Like...

Show Comments

Extras

Top Quizzes Today


Score Distribution

Your Account Isn't Verified!

In order to create a playlist on Sporcle, you need to verify the email address you used during registration. Go to your Sporcle Settings to finish the process.

Report this User

Report this user for behavior that violates our Community Guidelines.

Details: